000 00359nam a22001577a 4500
003 OSt
005 20250228123220.0
007 944 pages
008 250228b |||||||| |||| 00| 0 eng d
040 _c
082 _22
_a621.3822
_bOPP
245 _aSignals and systems
_cOppenheim,Willsky
250 _a2
260 _bPearson
_c2024
942 _2ddc
_cBK
_e2
_n0
999 _c36165
_d36165